[Event "RUS-chT Rapid"]
[Site "Sochi"]
[Date "2024.10.18"]
[Round "5.19"]
[White "Drygalov, Andrey"]
[Black "Pogosian, Manvel"]
[Result "1-0"]
[WhiteElo "2457"]
[BlackElo "2338"]
[PlyCount "53"]
[EventDate "2024.10.18"]
[EventType "team-swiss (rapid)"]
[EventRounds "9"]
[EventCountry "RUS"]
[SourceTitle "CB43_2024"]
[Source "Chessbase"]
[SourceDate "2024.10.23"]
[SourceVersion "1"]
[SourceVersionDate "2024.10.23"]
[SourceQuality "1"]
[WhiteTeam "Sverdlovsk ShakhMatOff"]
[BlackTeam "Tula Region"]
[WhiteTeamCountry "RUS"]
[BlackTeamCountry "RUS"]

1. e4 c6 2. Nf3 d5 3. d3 Bg4 4. h3 Bxf3 5. Qxf3 e6 6. g3 Nd7 7. Bg2 Ngf6 8. 0-0 Be7 9. Qe2 0-0 10. e5 Ne8 11. f4 Nc7 12. Nd2 f5 13. exf6 gxf6 14. Nf3 Bd6 15. d4 Qe7 16. c3 Rae8 17. Bd2 Qg7 18. Qf2 e5 19. Nh4 Qe7 20. Nf5 Qe6 21. fxe5 fxe5 22. g4 e4 23. Qh4 Kh8 24. Bh6 Be7 25. Qg3 Rxf5 26. Bg7+ Kg8 27. gxf5 1-0

[Event "RUS-chT Blitz"]
[Site "Sochi"]
[Date "2024.10.17"]
[Round "3.15"]
[White "Drygalov, Andrey"]
[Black "Oganian, Miran"]
[Result "1-0"]
[WhiteElo "2457"]
[BlackElo "2416"]
[PlyCount "87"]
[EventDate "2024.10.17"]
[EventType "team-swiss (blitz)"]
[EventRounds "11"]
[EventCountry "RUS"]
[SourceTitle "CB43_2024"]
[Source "Chessbase"]
[SourceDate "2024.10.23"]
[SourceVersion "1"]
[SourceVersionDate "2024.10.23"]
[SourceQuality "1"]
[WhiteTeam "Ekaterinburg Shkola ShakhMatOff"]
[BlackTeam "Krasnodarsk Region"]
[WhiteTeamCountry "RUS"]
[BlackTeamCountry "RUS"]

1. e4 c5 2. Nf3 Nc6 3. Bb5 d6 4. 0-0 Bd7 5. Re1 Nf6 6. h3 a6 7. Bf1 e6 8. c3 Be7 9. d4 cxd4 10. cxd4 d5 11. exd5 exd5 12. Nc3 0-0 13. Bf4 Bf5 14. Ne5 Rc8 15. Rc1 Re8 16. Nxc6 Rxc6 17. Be5 Be6 18. Qf3 Nd7 19. Bf4 Nf6 20. Rcd1 Bb4 21. Bg5 Bxc3 22. bxc3 h6 23. Bh4 g5 24. Bg3 Ne4 25. c4 f5 26. Be5 Qd7 27. c5 Bf7 28. Rb1 Bg6 29. Qb3 Re7 30. Rb2 Kh7 31. f3 Nxc5 32. dxc5 Rce6 33. Rbe2 d4 34. Bd6 Rxe2 35. Rxe2 Rxe2 36. Bxe2 f4 37. Qd5 Qa4 38. Qxb7+ Kg8 39. Qb3+ Qxb3 40. axb3 Bc2 41. c6 d3 42. c7 dxe2 43. c8Q+ Kf7 44. Kf2 1-0

[Event "Julius Baer GenCup Pl/In"]
[Site "Chess.com INT"]
[Date "2024.09.25"]
[Round "8"]
[White "Bernadskiy, Vitaliy"]
[Black "Drygalov, Andrey"]
[Result "1/2-1/2"]
[WhiteElo "2530"]
[BlackElo "2457"]
[PlyCount "111"]
[EventDate "2024.09.25"]
[EventType "swiss (rapid)"]
[EventRounds "9"]
[EventCountry "GER"]
[SourceTitle "EXT 2025"]
[Source "ChessBase"]
[SourceDate "2024.10.14"]
[SourceVersion "1"]
[SourceVersionDate "2024.10.14"]
[SourceQuality "1"]

1. e4 c5 2. Nf3 d6 3. d4 cxd4 4. Qxd4 Nc6 5. Qe3 Nf6 6. h3 g6 7. Bc4 Bg7 8. 0-0 0-0 9. Rd1 Qb6 10. Qe2 Na5 11. Bb3 Nxb3 12. axb3 Be6 13. Nc3 a6 14. Be3 Qc7 15. Nd5 Bxd5 16. exd5 Rac8 17. c3 Rfe8 18. Qd3 Nd7 19. Bd4 Nc5 20. Qc2 Bh6 21. b4 Nd7 22. b3 Nf6 23. Ra5 b6 24. Rxa6 Nxd5 25. Qe4 Nxc3 26. Bxc3 Qxc3 27. Rxb6 Qxb3 28. Rb1 Qa2 29. b5 Rc2 30. Rf1 Rb2 31. Nd4 Bg7 32. Nc6 Bf6 33. Rb7 Qe6 34. Qxe6 fxe6 35. b6 Kf7 36. Rc1 e5 37. Nb8 e4 38. Rd1 Rxb8 39. Rxb8 Be5 40. g4 d5 41. Rd8 e6 42. Rd7+ Kf6 43. b7 d4 44. Rxh7 e3 45. fxe3 dxe3 46. Re1 Bg3 47. Rh8 Bf2+ 48. Kf1 Rxb7 49. Rf8+ Kg5 50. Rxf2 exf2 51. Kxf2 Rb2+ 52. Kg3 Rb3+ 53. Kg2 Rb2+ 54. Kg3 Rb3+ 55. Kg2 Rb2+ 56. Kg3 1/2-1/2

[Event "Julius Baer GenCup Pl/In"]
[Site "Chess.com INT"]
[Date "2024.09.25"]
[Round "2"]
[White "Drygalov, Andrey"]
[Black "Antipov, Mikhail Al"]
[Result "1/2-1/2"]
[WhiteElo "2457"]
[BlackElo "2594"]
[PlyCount "99"]
[EventDate "2024.09.25"]
[EventType "swiss (rapid)"]
[EventRounds "9"]
[EventCountry "GER"]
[SourceTitle "EXT 2025"]
[Source "ChessBase"]
[SourceDate "2024.10.14"]
[SourceVersion "1"]
[SourceVersionDate "2024.10.14"]
[SourceQuality "1"]

1. e4 e5 2. Nf3 Nc6 3. Nc3 Nf6 4. d4 exd4 5. Nxd4 Bb4 6. Nxc6 bxc6 7. Bd3 d5 8. exd5 cxd5 9. 0-0 0-0 10. Bg5 c6 11. Qf3 h6 12. Bxf6 Qxf6 13. Qxf6 gxf6 14. Ne2 a5 15. Ng3 Rd8 16. Nf5 Bxf5 17. Bxf5 a4 18. Rad1 a3 19. b3 Bc3 20. Rd3 d4 21. Rg3+ Kf8 22. Rh3 Ra5 23. Bd3 Kg7 24. Rg3+ Rg5 25. f4 Rxg3 26. hxg3 Re8 27. Kf2 Re3 28. g4 Kf8 29. Rd1 Ke7 30. Bc4 Ke8 31. Bd3 Kd7 32. Bc4 Re7 33. Rh1 Re4 34. g3 Ke7 35. Be2 Kf8 36. Rxh6 Kg7 37. Rh1 Re3 38. Bd3 Bb4 39. Be2 Bc3 40. Rh5 Bb4 41. g5 fxg5 42. Rxg5+ Kf6 43. Rh5 Kg7 44. Rg5+ Kf6 45. Rg8 c5 46. g4 Rh3 47. Kg2 Re3 48. Kf2 Rh3 49. Kg2 Re3 50. Kf2 1/2-1/2

[Event "Titled Tuesday intern op 03rd Sep Early"]
[Site "Chess.com INT"]
[Date "2024.09.03"]
[Round "9"]
[White "Drygalov, Andrey"]
[Black "Moussard, Jules"]
[Result "0-1"]
[WhiteElo "2457"]
[BlackElo "2600"]
[PlyCount "86"]
[EventDate "2024.09.03"]
[EventType "swiss (blitz)"]
[EventRounds "11"]
[EventCountry "USA"]
[SourceTitle "EXT 2025"]
[Source "ChessBase"]
[SourceDate "2024.10.14"]
[SourceVersion "1"]
[SourceVersionDate "2024.10.14"]
[SourceQuality "1"]

1. e4 c5 2. Nf3 d6 3. d4 cxd4 4. Nxd4 Nf6 5. Nc3 a6 6. Be3 e5 7. Nb3 Be6 8. f3 Be7 9. Qd2 h5 10. a4 Nbd7 11. a5 Rc8 12. Be2 0-0 13. 0-0 Qc7 14. Rfd1 Rfd8 15. Bf1 Nc5 16. Nxc5 dxc5 17. Qe1 Rxd1 18. Nxd1 c4 19. Qf2 Nd7 20. Qd2 h4 21. Bf2 Bc5 22. Nc3 Bxf2+ 23. Qxf2 Qc5 24. Qxc5 Rxc5 25. Ra4 Nb8 26. Rb4 Rxa5 27. Rxb7 Nc6 28. Nd5 Nd4 29. Bxc4 Nxc2 30. Ne7+ Kh7 31. Bxe6 fxe6 32. Nc8 Nd4 33. h3 Rc5 34. Nd6 Rc1+ 35. Kf2 Rc2+ 36. Kf1 Kg6 37. Ne8 Kg5 38. Rf7 Rxb2 39. Nxg7 a5 40. Ra7 Kf4 41. Kg1 Ra2 42. Ra6 Ke3 43. Kh2 Nxf3+ 0-1